[Event "Florianopolis op 9th"]
[Site "Florianopolis"]
[Date "2023.01.29"]
[Round "10"]
[White "Borba da Rosa, Rodrigo"]
[Black "Baratieri, Maria Vitoria"]
[Result "1-0"]
[WhiteElo "1304"]
[BlackElo "1743"]
[PlyCount "31"]
[EventDate "2023.01.23"]
[EventType "swiss"]
[EventRounds "10"]
[EventCountry "BRA"]
[SourceTitle "CBM 212 Extra"]
[Source "ChessBase"]
[SourceDate "2023.03.31"]
[SourceVersion "1"]
[SourceVersionDate "2023.03.31"]
[SourceQuality "1"]

1. e4 c5 2. Nf3 d6 3. d4 cxd4 4. Nxd4 Nf6 5. Nc3 a6 6. Be3 e6 7. Qd2 Be7 8. f3 b5 9. Be2 0-0 10. g4 Re8 11. g5 b4 12. Nd1 Nfd7 13. Nf2 f6 14. Nxe6 Qa5 15. Bc4 Nc5 16. Nc7+ 1-0

[Event "Florianopolis op 6th"]
[Site "Florianopolis"]
[Date "2020.01.22"]
[Round "4"]
[White "Borba da Rosa, Rodrigo"]
[Black "Bidigaray, Marcio"]
[Result "0-1"]
[WhiteElo "1294"]
[BlackElo "1602"]
[PlyCount "82"]
[EventDate "2020.01.20"]
[EventType "swiss"]
[EventRounds "10"]
[EventCountry "BRA"]
[SourceTitle "CBM 194 Extra"]
[Source "ChessBase"]
[SourceDate "2020.03.31"]
[SourceVersion "1"]
[SourceVersionDate "2020.03.31"]
[SourceQuality "1"]

1. e4 e5 2. Nf3 Nc6 3. Bb5 a6 4. Bxc6 dxc6 5. c3 Bg4 6. 0-0 Bxf3 7. Qxf3 Qf6 8. Qe2 Bc5 9. Na3 Bxa3 10. bxa3 Qe6 11. d4 0-0-0 12. Be3 Nf6 13. f3 Nh5 14. g3 Nf6 15. Rfd1 Rd7 16. Rab1 Rhd8 17. Rxb7 Rd6 18. Qxa6 Kd7 19. Qa4 Qxa2 20. dxe5 Rxd1+ 21. Qxd1+ Ke8 22. Bd4 Nxe4 23. fxe4 c5 24. Qa4+ Kf8 25. Bxc5+ Kg8 26. Bd4 h5 27. Qb3 Qa1+ 28. Qb1 Qxa3 29. Rb8 Rxb8 30. Qxb8+ Kh7 31. Qb1 c5 32. Bf2 Qxc3 33. Qd1 Qxe5 34. Qd5 Qa1+ 35. Kg2 h4 36. Bxc5 h3+ 37. Kxh3 Qf1+ 38. Kh4 g6 39. Qe5 Qe2 40. h3 Qf3 41. Qf4 Qh5# 0-1

[Event "Florianopolis op 5th"]
[Site "Florianopolis"]
[Date "2019.01.27"]
[Round "10"]
[White "Koinski, Carlos Cesar"]
[Black "Borba da Rosa, Rodrigo"]
[Result "1-0"]
[WhiteElo "1462"]
[BlackElo "1249"]
[PlyCount "152"]
[EventDate "2019.01.21"]
[EventType "swiss"]
[EventRounds "10"]
[EventCountry "BRA"]
[SourceTitle "EXT 2020"]
[Source "ChessBase"]
[SourceDate "2019.10.17"]
[SourceVersion "1"]
[SourceVersionDate "2019.10.17"]
[SourceQuality "1"]

1. e4 c6 2. c4 d5 3. cxd5 cxd5 4. exd5 Qxd5 5. Nc3 Qe5+ 6. Qe2 Qxe2+ 7. Bxe2 Nc6 8. Nf3 Nf6 9. a3 e6 10. 0-0 a6 11. Bd3 Bd6 12. Ne4 Nxe4 13. Bxe4 0-0 14. b4 Ne5 15. Bb2 Nxf3+ 16. Bxf3 Ra7 17. Bd4 Ra8 18. g3 e5 19. Bc3 Bh3 20. Rfe1 Ra7 21. Bxe5 Bxe5 22. Rxe5 b5 23. d4 Rd8 24. d5 f6 25. Rh5 Bc8 26. Rh4 Rc7 27. Rd4 Rd6 28. Bg2 Rc3 29. h4 Kf7 30. Rd2 Bf5 31. Kh2 Rd3 32. Rxd3 Bxd3 33. Kg1 Ke7 34. Rd1 Bc4 35. Re1+ Kd7 36. Rd1 f5 37. Rd2 Rf6 38. Rd4 Kd6 39. Rd2 f4 40. Be4 f3 41. Bxh7 Ke5 42. d6 Bd5 43. d7 Rd6 44. Bg8 Rxd7 45. Rd3 Ke4 46. Re3+ Kf5 47. Bxd5 Rxd5 48. Rxf3+ Kg6 49. Re3 Rd6 50. g4 Kf7 51. Kg2 Rd4 52. f3 Kf6 53. Kg3 g6 54. h5 Rd1 55. Kf2 Rd2+ 56. Kg3 Rd1 57. Kg2 Rd2+ 58. Kf1 Rd1+ 59. Ke2 Ra1 60. Kd2 Ra2+ 61. Kc1 Ra1+ 62. Kb2 Rd1 63. Kc3 Rd8 64. Rd3 Rc8+ 65. Kd4 Rd8+ 66. Ke3 Re8+ 67. Kd2 Re6 68. Re3 Rd6+ 69. Kc2 Rd8 70. Kb3 Rd6 71. Kc3 Rd8 72. Re4 Rd6 73. Rd4 Rc6+ 74. Kd3 Re6 75. Rd8 Ke5 76. Rf8 Rc6 1-0

[Event "Porto Alegre Oncosinos op"]
[Site "Porto Alegre"]
[Date "2016.11.27"]
[Round "5"]
[White "Da Silva, Joao Carlos Orguim"]
[Black "Borba da Rosa, Rodrigo"]
[Result "1-0"]
[WhiteElo "1781"]
[BlackElo "1729"]
[PlyCount "107"]
[EventDate "2016.11.25"]
[EventType "swiss"]
[EventRounds "5"]
[EventCountry "BRA"]
[SourceTitle "CBM 175 Extra"]
[Source "ChessBase"]
[SourceDate "2016.12.12"]
[SourceVersion "1"]
[SourceVersionDate "2016.12.12"]
[SourceQuality "1"]

1. Nf3 Nc6 2. d4 d5 3. Nbd2 Bg4 4. h3 Bxf3 5. Nxf3 g6 6. c3 Bg7 7. e3 a6 8. Bd3 e5 9. dxe5 Nxe5 10. Nxe5 Bxe5 11. Qc2 Nf6 12. b3 0-0 13. Bb2 Qe7 14. 0-0 b5 15. f4 Bd6 16. g4 Qxe3+ 17. Kg2 Ne4 18. Rf3 Qd2+ 19. Qxd2 Nxd2 20. Rf2 Ne4 21. Rf3 Rfe8 22. Re1 Nc5 23. Rxe8+ Rxe8 24. Bf1 Re1 25. f5 Ne4 26. fxg6 hxg6 27. Bd3 Rd1 28. Bxe4 Rd2+ 29. Rf2 Rxf2+ 30. Kxf2 dxe4 31. Ke3 f5 32. c4 c5 33. gxf5 gxf5 34. Bf6 Kf7 35. Bd8 Ke6 36. Bg5 Bg3 37. Bd8 Bh2 38. Bb6 Bg1+ 39. Kf4 e3 40. Kf3 Kd6 41. h4 Bf2 42. h5 f4 43. Ba7 Bh4 44. Bb8+ Ke6 45. Bxf4 e2 46. Kxe2 Bf6 47. Kd3 Bg7 48. Be3 Kd6 49. Ke4 Bh8 50. h6 Bf6 51. Kf5 Bh8 52. Kg6 bxc4 53. bxc4 a5 54. a4 1-0

[Event "Porto Alegre Oncosinos op"]
[Site "Porto Alegre"]
[Date "2016.11.26"]
[Round "2"]
[White "Pereira, Armando Scharlau"]
[Black "Borba da Rosa, Rodrigo"]
[Result "1-0"]
[WhiteElo "1721"]
[BlackElo "1729"]
[PlyCount "139"]
[EventDate "2016.11.25"]
[EventType "swiss"]
[EventRounds "5"]
[EventCountry "BRA"]
[SourceTitle "CBM 175 Extra"]
[Source "ChessBase"]
[SourceDate "2016.12.12"]
[SourceVersion "1"]
[SourceVersionDate "2016.12.12"]
[SourceQuality "1"]

1. Nf3 d5 2. d4 g6 3. g3 Nc6 4. Bg2 Bg7 5. 0-0 Bg4 6. c3 Qd7 7. Re1 0-0-0 8. b4 Bxf3 9. exf3 e5 10. b5 Nxd4 11. cxd4 exd4 12. Qd3 Ne7 13. a4 c5 14. bxc6 Nxc6 15. Bf4 Rde8 16. Nd2 Rxe1+ 17. Rxe1 Re8 18. Rc1 Kd8 19. Nb3 Ne5 20. Bxe5 Bxe5 21. f4 Bf6 22. Nxd4 Qxa4 23. Nb5 d4 24. Bxb7 Re7 25. Rc8+ Kd7 26. Rc7+ Kd8 27. Rxe7 Kxe7 28. Qa3+ Qxa3 29. Nxa3 Kd7 30. Kf1 Be7 31. Nc4 f6 32. Ke2 Bc5 33. Kd3 Ke6 34. Ke4 d3 35. Bd5+ Ke7 36. Ne3 d2 37. Nd1 a5 38. Bb3 Kf8 39. Kd3 Bb4 40. Nc3 Bc5 41. f3 Bg1 42. h3 Bh2 43. Ne2 h5 44. Kxd2 g5 45. fxg5 fxg5 46. Ke3 h4 47. Kf2 Ke7 48. Kg2 Bxg3 49. Nxg3 hxg3 50. Kxg3 Kf6 51. Kg4 Kg6 52. Bc2+ Kh6 53. Ba4 Kg6 54. Be8+ Kh6 55. Kf5 a4 56. Bxa4 Kh5 57. Bd7 Kh6 58. Kg4 Kg6 59. Be8+ Kf6 60. Kh5 Kf5 61. Bd7+ Kf6 62. h4 gxh4 63. Kxh4 Kg6 64. Kg4 Kf6 65. Kf4 Ke7 66. Bb5 Kf6 67. Bc4 Kg6 68. Ke5 Kg7 69. Ke6 Kf8 70. Kf6 1-0

[Event "Porto Alegre IRT U2200 2nd"]
[Site "Porto Alegre"]
[Date "2016.09.03"]
[Round "3.16"]
[White "Borba da Rosa, Rodrigo"]
[Black "Gomes, Homero Araujo"]
[Result "0-1"]
[WhiteElo "1760"]
[BlackElo "1606"]
[PlyCount "67"]
[EventDate "2016.09.03"]
[EventType "swiss"]
[EventRounds "5"]
[EventCountry "BRA"]
[SourceTitle "EXT 2022"]
[Source "ChessBase"]
[SourceDate "2021.10.06"]
[SourceVersion "1"]
[SourceVersionDate "2021.10.06"]
[SourceQuality "1"]

1. e4 c5 2. Nf3 Nc6 3. Nc3 d6 4. Bc4 e6 5. 0-0 a6 6. Re1 b5 7. Bb3 c4 8. d4 cxb3 9. axb3 Qc7 10. Nxb5 Qb7 11. Nc3 Nb4 12. Bd2 h6 13. Nb1 a5 14. Bxb4 axb4 15. Rxa8 Qxa8 16. c3 Qb7 17. e5 dxe5 18. Nxe5 Ne7 19. Nd3 Nf5 20. Nd2 Qd5 21. Re5 Qa8 22. Qe1 Nh4 23. f3 Ng6 24. Rb5 Be7 25. Nxb4 Bxb4 26. Rxb4 0-0 27. Ra4 Qd5 28. Qe4 Qg5 29. Qe1 Nf4 30. Qf2 Nh3+ 31. Kf1 Nxf2 32. Ne4 Nxe4 33. fxe4 Qd2 34. Ra2 0-1

[Event "Porto Alegre IRT U2200 1st"]
[Site "Porto Alegre"]
[Date "2016.04.10"]
[Round "5.16"]
[White "Borba da Rosa, Rodrigo"]
[Black "Prochnow, Marcos Alberto"]
[Result "0-1"]
[WhiteElo "1800"]
[BlackElo "1719"]
[PlyCount "68"]
[EventDate "2016.04.09"]
[EventType "swiss"]
[EventRounds "5"]
[EventCountry "BRA"]
[SourceTitle "EXT 2022"]
[Source "ChessBase"]
[SourceDate "2021.10.06"]
[SourceVersion "1"]
[SourceVersionDate "2021.10.06"]
[SourceQuality "1"]

1. Nf3 Nf6 2. b3 g6 3. Bb2 Bg7 4. d4 d5 5. Nbd2 0-0 6. e3 Bg4 7. Bd3 Nc6 8. h3 Bd7 9. 0-0 Re8 10. c4 Nb4 11. Qe2 Nxd3 12. Qxd3 Bf5 13. Qe2 Ne4 14. c5 c6 15. Nh4 Bd7 16. Nxe4 dxe4 17. g4 e5 18. Ng2 Qg5 19. Rad1 Rad8 20. f4 exf3 21. Qxf3 Be6 22. h4 Qxg4 23. Qxg4 Bxg4 24. Rd2 Be6 25. Re1 b6 26. cxb6 axb6 27. Rc1 c5 28. Ne1 cxd4 29. exd4 Bh6 30. Rdd1 Bxc1 31. Bxc1 Rxd4 32. Rxd4 exd4 33. Bb2 Rd8 34. Kf1 d3 0-1